00305nam a2200109Ia 4500008004100000041000800041082002600049100001900075245005500094260003700149300000900186230411s9999 xx 000 0 und d aeng aF/610.7307/BHA/B07276 aBhaskara Raj D aNursing PB BSc Solved Question Papers for 1st Year bJaypee BrothersaNew Delhic2012 a902p